| 000 | 00351nam a2200133 i 4500 | ||
|---|---|---|---|
| 001 | 71740 | ||
| 003 | ES-MaACL | ||
| 007 | t| | ||
| 008 | 040818s1926 ddr ||||1| ger d | ||
| 245 | 0 | 0 | _aGewerbliche und kaufmèannische fachulen in Deutschlan. |
| 260 |
_aBerlin : _bCarl Heymanns, _c1926. |
||
| 300 |
_a92 p. ; _c22 cm. |
||
| 852 |
_aES-MaACL _jG-14137 |
||
| 999 |
_c71740 _d71740 |
||